| 000 | 00368nam a2200157Ia 4500 | ||
|---|---|---|---|
| 008 | 210210b1991 xxu||||| |||| 00| 0 eng d | ||
| 082 | _a332.1 RAMT | ||
| 100 | _aRAMAN (B S) | ||
| 245 | _aTheory of banking. Ed.4 | ||
| 250 | _a | ||
| 260 |
_aMangalore _bUnited publishers _c1991 |
||
| 300 | _a448 | ||
| 650 | _aBanking theory | ||
| 690 | _aBanking | ||
| 906 | _a051000 | ||
| 999 |
_c99356 _d99356 |
||